Giáo trình luật hiến pháp Việt Nam

محفوظ في:
التفاصيل البيبلوغرافية
المؤلف الرئيسي: Lê Minh Tâm
التنسيق: كتاب
اللغة:Undetermined
منشور في: Hà Nội Trường Đại học Luật Hà Nội 1994
الموضوعات:
الوسوم: إضافة وسم
لا توجد وسوم, كن أول من يضع وسما على هذه التسجيلة!
Thư viện lưu trữ: Trung tâm Học liệu Trường Đại học Cần Thơ
LEADER 00543nam a2200169Ia 4500
001 CTU_17722
008 210402s9999 xx 000 0 und d
082 |a 342.597 
082 |b Gi108 
100 |a Lê Minh Tâm 
245 0 |a Giáo trình luật hiến pháp Việt Nam 
245 0 |c Lê Minh Tâm 
260 |a Hà Nội 
260 |b Trường Đại học Luật Hà Nội 
260 |c 1994 
650 |a constitutional law,constitutions, state - vietnam 
980 |a Trung tâm Học liệu Trường Đại học Cần Thơ